Batería Psicopedagógica evalúa-2. Manual ámbito óptimo de utilización: finales del 2º curso de educación primaria, comienzos del 3er curso de educación primaria
में बचाया:
| मुख्य लेखकों: | , |
|---|---|
| स्वरूप: | पुस्तक |
| भाषा: | स्पेनिश |
| प्रकाशित: |
Madrid
Instituto de Orientación Psicológica EOS
2007
|
| संस्करण: | 3a. ed |
| विषय: | |
| टैग: |
टैग जोड़ें
कोई टैग नहीं, इस रिकॉर्ड को टैग करने वाले पहले व्यक्ति बनें!
|
MARC
| LEADER | 00000cam a2200000 a 4500 | ||
|---|---|---|---|
| 001 | UCC1787 | ||
| 003 | CL-VaPUC | ||
| 008 | 171124e20070000sp |||||||||||||||||spa|d | ||
| 020 | |a 9788497272582 | ||
| 082 | 0 | 4 | |a 153.94 |b GAR |2 21 |
| 100 | |a García Vidal, Jesús |e author |9 598084 | ||
| 700 | |a González Manjón, Daniel |e author |9 598086 | ||
| 245 | 1 | 0 | |a Batería Psicopedagógica evalúa-2. Manual ámbito óptimo de utilización: finales del 2º curso de educación primaria, comienzos del 3er curso de educación primaria |
| 250 | |a 3a. ed | ||
| 300 | |a 101 p | ||
| 942 | |c BK | ||
| 945 | |d 20171124 15:27:00 |a arojas | ||
| 260 | |a Madrid |b Instituto de Orientación Psicológica EOS |c 2007 | ||
| 500 | |a Incluye: cuadernillo de respuesta, hoja de evaluación | ||
| 650 | 0 | |a Test y mediciones educacionales |9 323971 | |
| 650 | 7 | |a TEST PSICOLOGICOS |2 CL-VaPUC |9 333478 | |
| 650 | 0 | |a Pruebas de inteligencia |9 307461 | |
| 650 | 0 | |a Educación básica |9 224933 | |
| 583 | |a last modification |c 20171124 15:27:00 |k Rodrigo Vera | ||
| 999 | |c 370152 |d 370150 | ||
| 952 | |0 0 |1 0 |3 erb |4 0 |6 153_940000000000000_GAR_2007 |7 0 |8 R |9 486475 |a BIBEDU |b BIBEDU |c MCIRC |i 5438063 |l 1 |o 153.94 GAR 2007 |p 5438063 |r 2023-08-07 |s 2023-08-01 |w 2019-11-24 |y BK_R |z Catalogado en:20171124 |k EDI | ||